Team of the Tournament - Europei 1988 - Statistics

Statistiche generali
  • Questo quiz è stato fatto 2 volte
  • Il punteggio medio è 3 su 11
Statistiche sulle risposte
Ruolo Nazione Calciatore % Corretto
Difensore Italia Paolo Maldini
100%
Attaccante Italia Gianluca Vialli
50%
Attaccante Paesi Bassi Marco van Basten
50%
Centrocampista Paesi Bassi Ruud Gullit
50%
Difensore Paesi Bassi Frank Rijkaard
0%
Difensore Italia Giuseppe Bergomi
0%
Centrocampista Italia Giuseppe Giannini
0%
Portiere Paesi Bassi Hans van Breukelen
0%
Centrocampista Paesi Bassi Jan Wouters
0%
Centrocampista Germania Ovest Lothar Matthäus
0%
Difensore Paesi Bassi Ronald Koeman
0%
Nessun quiz corrispondente trovato
Distribuzione punteggi
Percentuale di utenti per punteggio
Percentile per numero di risposta
I tuoi punteggi nel tempo
Non hai fatto questo quiz